|
|
|
|
| LEADER |
00618cam a2200169ua 4500 |
| 020 |
|
|
|a 81-264-0266-0
|
| 082 |
|
|
|a M894.812 3
|b ZAC/Z
|
| 100 |
0 |
|
|a സക്കറിയ
|
| 245 |
1 |
0 |
|a സക്കറിയയുടെ പെൺകഥകൾ /
|
| 250 |
|
|
|a 2nd ed.
|
| 260 |
|
|
|a Kottayam:
|b D.C.Books,
|c 2002.
|
| 300 |
|
|
|a 88p..
|
| 650 |
0 |
|
|a Zachariayute penkathakal
|a Malayalam stories
|
| 700 |
|
|
|a Zacharia, Paul
|
| 942 |
|
|
|c BK
|
| 999 |
|
|
|c 30158
|d 30158
|
| 952 |
|
|
|0 0
|1 0
|4 0
|6 M_894_812000000000000_3_ZAC
|7 0
|9 31970
|a KUCL
|b KUCL
|d 2014-05-23
|l 10
|m 2
|o M894.812 3 ZAC/
|p 10063
|r 2019-11-11
|s 2019-09-23
|w 2014-05-23
|y BK
|z Kept in Binding Section
|